Statistics for Every Scrabble Letter Worth Four or More Points

Click here to take the quiz!

General Stats

  • This quiz has been taken 9 times
  • The average score is 7 of 10

Answer Stats

ScoreAnswer% Correct
10Q
100%
8X
100%
10Z
100%
8J
80%
5K
80%
4W
60%
4Y
60%
4F
40%
4H
40%
4V
40%

Score Distribution

Percentile by Number Answered

Percent of People with Each Score

Your Score History

You have not taken this quiz